World Capitals Closest to Bouvet Øya - One Minute Sprint - Statistics

General Stats
  • This quiz has been taken 27 times
  • The average score is 11 of 21
Answer Stats
km Capital miles % Correct
started
100%
+2617 Buenos Aires +1627
75%
+796 Bloemfontein +495
71%
nearest Cape Town nearest
71%
+1219 Pretoria +758
71%
+2865 Antananarivo +1781
67%
+1160 Windhoek +721
63%
+2583 Luanda +1606
58%
+2450 Montevideo +1523
54%
+2139 Harare +1329
50%
+2280 Lusaka +1417
50%
+1401 Maputo +871
50%
+3337 Asunción +2074
46%
+1233 Gaborone +767
46%
+837 Maseru +521
42%
+3120 Kinshasa +1939
38%
+1297 Mbabane +806
38%
+3346 Port Louis +2080
33%
+2653 Lilongwe +1649
29%
+3329 Moroni +2069
25%
+3112 Brazzaville +1934
21%
No matching quizzes found
Score Distribution
Percent of People with Each Score
Percentile by Number Answered
Your Score History
You have not taken this quiz